Algebraic numbers /
Guardado en:
| Autor Corporativo: | |
|---|---|
| Otros Autores: | |
| Formato: | Libro |
| Idioma: | English |
| Publicado: |
Bronx, N.Y. :
Chelsea Pub. Co.,
[196-]
|
| Materias: | |
| Etiquetas: |
Agregar Etiqueta
Sin Etiquetas, Sea el primero en etiquetar este registro!
|
| LEADER | 01260cam a22002415a 4500 | ||
|---|---|---|---|
| 001 | MAT.inmabb003107 | ||
| 008 | 750313r196u1923nyu######b####000#0#eng## | ||
| 005 | 20170518173626.0 | ||
| 245 | 1 | 0 | |a Algebraic numbers / |c by L. E. Dickson, et al. |
| 260 | |a Bronx, N.Y. : |b Chelsea Pub. Co., |c [196-] | ||
| 300 | |a 211 p. ; |c 24 cm. | ||
| 500 | |a "Two volumes in one. Originally published as: Report of the Committee on Algebraic Numbers of the National Research Council, no. 28, February, 1923 [and] no. 62, February 1928." | ||
| 504 | |a Incluye referencias bibliográficas. | ||
| 505 | 0 | |a Report no. 28: 1. Algebraic numbers -- 2. Cyclotomy -- 3. Hensel's $p$-adic numbers -- 4. Fields of functions. Autores: L. E. Dickson, H. H. Mitchell, H. S. Vandiver, G. E. Wahlin. | |
| 505 | 0 | |a Report no. 62: 1. The class number in the algebraic number field / G. E. Wahlin -- 2. Irregular cyclotomic fields and Fermat's last theorem / H. S. Vandiver. | |
| 510 | 4 | |a MR, |c 39 #2689 | |
| 110 | 2 | |a National Research Council (U.S.). |b Committee on Algebraic Numbers. | |
| 700 | 1 | |a Dickson, Leonard E. |q (Leonard Eugene), |d 1874- | |
| 650 | 0 | |a Number theory. | |
| 084 | |a 11R |2 msc2000 | ||
| 010 | |a 67016998 | ||
| 040 | |a DLC |c OTU |d OCoLC |d DLC | ||
| 859 | |h 11 |i Al394l |p A-4312 |b BIB. MATEMATICA | ||
